Centrální banky světa: přehled měnové politiky a klíčových rozhodnutí

Centrálne banky hrajú kľúčovú úlohu v riadení ekonomík, pri udržiavaní cenovej stability a pri podpore ekonomického rastu. Každá z nich čelí špecifickým výzvam a prispôsobuje svoje stratégie aktuálnym ekonomickým podmienkam. To, aké konkrétne kroky podnikajú či už v rámci riadenia cenovej stability,...

ver descrição completa

Na minha lista:
Detalhes bibliográficos
Formato: Capítulo de Livro
Idioma:tcheco
Assuntos:
Tags: Adicionar Tag
Sem tags, seja o primeiro a adicionar uma tag!

MARC

LEADER 00000naa a2200000 4500
001 0307917
005 20250331124016.0
041 0 |a cze 
044 |a CZ 
245 1 0 |a Centrální banky světa: přehled měnové politiky a klíčových rozhodnutí 
520 |a Centrálne banky hrajú kľúčovú úlohu v riadení ekonomík, pri udržiavaní cenovej stability a pri podpore ekonomického rastu. Každá z nich čelí špecifickým výzvam a prispôsobuje svoje stratégie aktuálnym ekonomickým podmienkam. To, aké konkrétne kroky podnikajú či už v rámci riadenia cenovej stability, ktorá následne ovplyvňuje vývoj HDP, či v rámci riadenia finančnej stability, podrobne zaznamenáva pravidelný Monitoring centrálnych bánk. Centrálne banky eurozóny. Federálny rezervný systém (FED) a Bank of England. Krajiny mimo EÚ s cielením inflácie. Centrálne banky EÚ mimo Eurozónu. Vývoj bilancií a hospodárenia centrálnych bánk. 
610 2 0 |a bankovníctvo 
610 2 0 |a banky centrálne 
610 2 0 |a politika menová 
610 2 0 |a stabilita cien 
610 2 0 |a ekonomika 
610 2 0 |a stabilita finančná 
610 2 0 |a monitoring